LEADER 00821nam0 2200241 450 001 000005953 005 20051021123426.0 010 $a88-14-05009-0 100 $a20051021d1994----km-y0itay50------ba 101 0 $aita 102 $aIT 105 $ay-------001yy 200 1 $a<>sovrano tutore$epluralismo istituzionale e accentramento amministrativo nel principato dei Medici, (secc. XVI-XVIII)$fLuca Mannori 210 $aMilano$cGiuffrè$d[1994] 215 $aVI, 486 p.$d23 cm 225 2 $aPer la storia del pensiero giuridico moderno$v0045 410 0$12001$aPer la storia del pensiero giuridico moderno 700 1$aMannori,$bLuca$0141818 801 0$aIT$bUNIPARTHENOPE$c20051021$gRICA$2UNIMARC 912 $a000005953 951 $aB-0027$b36240$cNAVA3 996 $aSovrano tutore$9637471 997 $aUNIPARTHENOPE LEADER 01038nam0 22002531i 450 001 UON00185346 005 20231205103150.962 010 $a88-324-8471-4 100 $a20030730d1992 |0itac50 ba 101 $aita 102 $aIT 105 $a|||| 1|||| 200 1 $aˆI ‰consorzi$easpetti legali, contabili e fiscali in tema di consorzi, società co nsortili, raggruppamenti temporanei di imprese, Geie$fAdriano Propersi, Giovann a Rossi 210 $aNona edizione 215 $aMilano$cPirola Editore, 1992 - 562 p.$d24 cm 606 $aConsorzi$xSocietà consortili$3UONC034571$2FI 700 1$aPROPERSI$bAdriano$3UONV107572$0106694 701 1$aROSSI$bGiovanna$3UONV107573$0313064 801 $aIT$bSOL$c20250801$gRICA 899 $aSIBA - SISTEMA BIBLIOTECARIO DI ATENEO$2UONSI 912 $aUON00185346 950 $aSIBA - SISTEMA BIBLIOTECARIO DI ATENEO$dSI PRI G 0016 $eSI SC 25279 5 0016 $sBuono 996 $aConsorzi..$941473 997 $aUNIOR